Reviews in modern astronomy (Record no. 13199)

MARC details
000 -LEADER
fixed length control field 00594nam a2200193Ia 4500
003 - CONTROL NUMBER IDENTIFIER
control field IN-BaIIA
008 - FIXED-LENGTH DATA ELEMENTS--GENERAL INFORMATION
fixed length control field 211028s9999 xx 000 0 eng d
020 ## - INTERNATIONAL STANDARD BOOK NUMBER
International Standard Book Number 3-9805176-0-8
040 ## - CATALOGING SOURCE
Transcribing agency IIA Library
080 ## - UNIVERSAL DECIMAL CLASSIFICATION NUMBER
Universal Decimal Classification number 52(048.1)
Item number REV-10
245 #0 - TITLE STATEMENT
Title Reviews in modern astronomy
Remainder of title gravitation; 10
Statement of responsibility, etc. edited by R. E. Schielicke
260 ## - PUBLICATION, DISTRIBUTION, ETC.
Place of publication, distribution, etc. Hamburg
Name of publisher, distributor, etc. Astronomische Gesellschaft
Date of publication, distribution, etc. 1997
300 ## - PHYSICAL DESCRIPTION
Extent 353p.
650 ## - SUBJECT ADDED ENTRY--TOPICAL TERM
Topical term or geographic name entry element Black holes
9 (RLIN) 7728
650 ## - SUBJECT ADDED ENTRY--TOPICAL TERM
Topical term or geographic name entry element Gamma ray bursts
9 (RLIN) 10403
650 ## - SUBJECT ADDED ENTRY--TOPICAL TERM
Topical term or geographic name entry element Gravitation
700 ## - ADDED ENTRY--PERSONAL NAME
Personal name Schielicke,R E ed.
9 (RLIN) 23236
942 ## - ADDED ENTRY ELEMENTS (KOHA)
Koha item type Books
Holdings
Withdrawn status Lost status Damaged status Not for loan Home library Current library Shelving location Date acquired Source of acquisition Total Checkouts Full call number Barcode Date last seen Price effective from Koha item type Purchase Price
        IIA Library-Bangalore IIA Library-Bangalore General Stacks 22/01/2000 USJ   52(048.1)/ REV-10 14117 05/11/2021 22/01/2000 Books DM 6900.00

Powered by Koha